000 00503nam a2200193Ia 4500
999 _c31352
_d31352
001 31231
003 PK-LaUMT
005 20221004143122.0
008 140416s9999 xx 000 0 und d
040 _cPK-LaUMT
082 _aW 658.4
_bBER-E
100 _aBerglof, Erik
245 _aEnforcement and corporate governance
_cBerglof, Erik<>Stijn Claessens
260 _aWashington,USA:
_bWorld Bank,
_c2004
300 _a48 p.
546 _aEN
700 _aStijn Claessens
942 _cWEEDED OUT
_2ddc